Alle deutschen Städte mit V - Statistiken

Allgemein
  • Dieses Quiz wurde 1.053 mal gespielt
  • Das Durchschnittsergebnis liegt bei 13 aus 36
Antwortstatistiken
Einwohner Stadt BL % Korrekt
85.686 Villingen-Schwenningen BW
92%
77.376 Viersen NW
85%
32.894 Vechta NI
77%
39.412 Völklingen SL
75%
81.564 Velbert NW
73%
27.636 Verden (Aller) NI
71%
34.281 Viernheim HE
62%
25.382 Verl NW
58%
29.307 Vaihingen an der Enz BW
57%
22.676 Vreden NW
51%
36.047 Voerde (Niederrhein) NW
49%
18.384 Vlotho NW
47%
23.984 Varel NI
46%
21.697 Versmold NW
42%
16.950 Vilshofen an der Donau BY
41%
12.231 Vilsbiburg BY
33%
6.704 Volkmarsen HE
30%
18.224 Vellmar HE
28%
9.579 Visselhövede NI
28%
13.112 Velen NW
27%
7.518 Vohenstrauß BY
24%
8.764 Vallendar RP
21%
12.296 Velten BB
20%
13.780 Vöhringen BY
19%
8.446 Viechtach BY
17%
8.796 Volkach BY
17%
1.813 Velden BY
15%
6.121 Vogtsburg am Kaiserstuhl BW
14%
5.055 Vacha TH
13%
8.541 Vohburg an der Donau BY
12%
7.862 Vetschau/Spreewald BB
11%
3.783 Vöhrenbach BW
11%
5.350 Velburg BY
6%
4.557 Vellberg BW
6%
2.123 Veringenstadt BW
6%
6.387 Vilseck BY
5%
Keine übereinstimmenden Quizze gefunden
Verteilung der Resultate
Anzahl Personen mit jedem Resultat
Perzentil nach korrekt beantworteten Fragen
Ihre Resultats-Entwicklung
Sie haben dieses Quiz noch nicht gespielt